Music Quiz

Random Music or Song Quiz

Lyrics of The Book of Love Quiz Stats

 Plays Quiz not verified by Sporcle

Challenge
Share
Tweet
Embed
Score 0/182 Timer 05:00
0 Plays Today
% Correct
of
99.3%
love
99.3%
of
99.3%
love
99.3%
of
99.3%
love
99.3%
of
99.3%
of
99.3%
love
99.3%
of
99.3%
love
99.3%
of
99.3%
love
99.3%
love
99.3%
love
99.3%
book
98.5%
book
98.5%
book
98.5%
The
97.8%
the
97.8%
The
97.8%
The
97.8%
I
97%
I
97%
I
97%
I
97%
I
97%
I
97%
I
97%
I
97%
I
97%
I
97%
is
93.3%
is
93.3%
is
93.3%
is
93.3%
you
91%
you
91%
You
91%
you
91%
you
91%
You
91%
you
91%
you
91%
You
91%
you
91%
you
91%
You
91%
you
91%
you
91%
You
91%
You
91%
and
90.3%
and
90.3%
and
90.3%
and
90.3%
me
90.3%
And
90.3%
me
90.3%
me
90.3%
And
90.3%
% Correct
me
90.3%
and
90.3%
And
90.3%
and
90.3%
And
90.3%
me
90.3%
And
90.3%
me
90.3%
And
90.3%
me
90.3%
And
90.3%
me
90.3%
And
90.3%
me
90.3%
And
90.3%
me
90.3%
me
90.3%
it
88.1%
to
88.1%
it
88.1%
it
88.1%
it
88.1%
it
88.1%
to
88.1%
to
88.1%
it
88.1%
to
88.1%
it
88.1%
to
88.1%
it
88.1%
to
88.1%
to
88.1%
can
86.6%
when
86.6%
can
86.6%
when
86.6%
can
86.6%
when
86.6%
when
86.6%
when
86.6%
in
85.8%
In
85.8%
long
85.1%
It's
85.1%
long
85.1%
long
85.1%
It's
85.1%
boring
84.3%
for
84.3%
boring
84.3%
No
83.6%
read
83.6%
read
83.6%
where
82.8%
from
82.8%
one
82.1%
anything
82.1%
fact
82.1%
anything
82.1%
thing
81.3%
full
81.3%
% Correct
sing
81.3%
sing
81.3%
full
81.3%
give
81.3%
give
81.3%
give
81.3%
give
81.3%
give
81.3%
give
81.3%
give
81.3%
But
80.6%
But
80.6%
But
80.6%
has
79.9%
dancing
79.1%
music
79.1%
that's
79.1%
music
79.1%
comes
79.1%
figures
77.6%
instructions
77.6%
wedding
77.6%
rings
77.6%
wedding
77.6%
rings
77.6%
wedding
77.6%
rings
77.6%
wedding
77.6%
rings
77.6%
Some
75.4%
Some
75.4%
things
75.4%
too
75.4%
things
75.4%
things
75.4%
things
75.4%
charts
73.9%
lift
73.1%
damn
73.1%
facts
73.1%
know
73.1%
just
72.4%
just
72.4%
written
72.4%
ago
71.6%
really
70.9%
we're
70.1%
dumb
68.7%
all
68.7%
very
67.2%
heart
67.2%
young
67.2%
boxes
65.7%
shaped
64.2%
transcendental
60.4%
ought
60.4%
ought
60.4%
ought
60.4%
ought
60.4%
flowers
53.7%

You're not logged in!

Compare scores with friends on all Sporcle quizzes.
OR
Log In

You Might Also Like...

Show Comments

Extras

Created Feb 11, 2014SourceReportNominate
Tags:Lyrics Quiz, Song Quiz

Top Quizzes Today


Score Distribution

Your Account Isn't Verified!

In order to create a playlist on Sporcle, you need to verify the email address you used during registration. Go to your Sporcle Settings to finish the process.

Report this User

Report this user for behavior that violates our Community Guidelines.

Details: